Music Quiz

Random Music or Billboard Quiz
Score 0/126 Timer 15:00
8 Plays Today
Song(s) (Peak(s)) Artist % Correct
Another One Bites the Dust (#1)Queen
81.4%
Another Brick in the Wall (Part II) (#1)Pink Floyd
80.9%
Back in Black (#37), You Shook Me All Night Long (#35)AC/DC
76.9%
Atomic (#39), Call Me (#1), The Tide Is High (#1)Blondie
74.8%
9 to 5 (#1), Starting Over Again (#36)Dolly Parton
73.8%
Don't Ask Me Why (#19), It's Still Rock and Roll to Me (#1), Sometimes a Fantasy (#36), You May Be Right (#7)Billy Joel
72.4%
Whip It (#14)Devo
70.1%
Hit Me with Your Best Shot (#9), We Live for Love (#27)Pat Benatar
69.9%
I Can't Help It (#12), Magic (#1), Suddenly (#20), Xanadu (#8)Olivia Newton-John
64.2%
On the Road Again (#20)Willie Nelson
62.5%
Celebration (#1), Too Hot (#5)Kool & the Gang
60.6%
Brass in Pocket (I'm Special) (#14)The Pretenders
60%
Off the Wall (#10), She's Out of My Life (#10)Michael Jackson
59.9%
All Out of Love (#2), Every Woman in the World (#5), Lost in Love (#3)Air Supply
59.5%
De Do Do Do, De Da Da Da (#10)The Police
58.6%
Fame (#4), Out Here on My Own (#19)Irene Cara
58.3%
Keep On Loving You (#1)REO Speedwagon
58.1%
Never Be the Same (#15), Ride Like the Wind (#2), Sailing (#1)Christopher Cross
57.9%
My Mother's Eyes (#39), The Rose (#3), When a Man Loves a Woman (#35)Bette Midler
56.8%
Against the Wind (#5), Fire Lake (#6), You'll Accomp'ny Me (#14)Bob Seger & the Silver Bullet Band
54.6%
I'm Coming Out (#5), It's My Turn (#9), Upside Down (#1)Diana Ross
53.9%
Hungry Heart (#5)Bruce Springsteen
52.1%
Refugee (#15)Tom Petty & the Heartbreakers
51.4%
Any Way You Want It (#23), Walks Like a Lady (#32)Journey
51.3%
(Just Like) Starting Over (#1)John Lennon
51.2%
Funkytown (#1)Lipps, Inc.
50.9%
Emotional Rescue (#3), She's So Cold (#26)The Rolling Stones
49.3%
Drivin' My Life Away (#5), I Love a Rainy Night (#1)Eddie Rabbitt
46.3%
Love on the Rocks (#2)Neil Diamond
45.9%
Cars (#9)Gary Numan
45.7%
Don't Fall in Love with a Dreamer (#4), Lady (#1), Love the World Away (#14)Kenny Rogers
45.2%
The Winner Takes It All (#8)ABBA
45.1%
Little Jeannie (#3), Sartorial Eloquence (Don't Ya Wanna Play This Game No More?) (#39)Elton John
43.6%
I Can't Tell You Why (#8), Seven Bridges Road (#21)Eagles
41.5%
Let My Love Open the Door (#9)Pete Townshend
40.4%
Hey Nineteen (#10)Steely Dan
40.4%
Come Back (#32), Love Stinks (#38)J. Geils Band
39.1%
Turning Japanese (#36)The Vapors
37.8%
Cold Love (#33), On the Radio (#5), The Wanderer (#3), Walk Away (#36)Donna Summer
37.2%
I'm Alright (#7), Keep the Fire (#36)Kenny Loggins
36.7%
Guilty (#3), Kiss Me in the Rain (#37), Woman in Love (#1)Barbra Streisand
36.3%
Theme from 'The Dukes of Hazzard' (Good Ol' Boys) (#21)Waylon Jennings
35.8%
Song(s) (Peak(s)) Artist % Correct
Coming Up (Live at Glasgow) (#1)Paul McCartney
35.5%
He's So Shy (#3)The Pointer Sisters
34.7%
Late in the Evening (#6), One-Trick Pony (#40)Paul Simon
32.9%
Train in Vain (Stand by Me) (#23)The Clash
32.9%
Misunderstanding (#14)Genesis
32.3%
All Over the World (#13), I'm Alive (#16), Xanadu (#8)Electric Light Orchestra
31.4%
I Ain't Gonna Stand for It (#11), Master Blaster (Jammin') (#5)Stevie Wonder
31.3%
Heart Hotels (#21), Same Old Lang Syne (#9)Dan Fogelberg
27.2%
How Does It Feel to Be Back (#30), You've Lost That Lovin' Feelin' (#12)Daryl Hall & John Oates
23.6%
I Don't Want to Walk Without You (#36), I Made It Through the Rain (#10)Barry Manilow
22.9%
More Than I Can Say (#2)Leo Sayer
21.2%
Give Me the Night (#4)George Benson
21.1%
Passion (#5)Rod Stewart
20.9%
Boulevard (#19), That Girl Could Sing (#22)Jackson Browne
20.7%
Could I Have This Dance (#33)Anne Murray
20.5%
Girls Can Get It (#34), Sexy Eyes (#5)Dr. Hook
20.2%
Dreamer (#15)Supertramp
19.5%
How Do I Make You (#10), Hurt So Bad (#8), I Can't Let Go (#31)Linda Ronstadt
19.4%
Breakdown Dead Ahead (#15), JoJo (#17), Look What You've Done to Me (#14), Miss Sun (#14)Boz Scaggs
19.2%
Hot Rod Hearts (#15), Steal Away (#6)Robbie Dupree
19.2%
Biggest Part of Me (#3), You're the Only Woman (You & I) (#13)Ambrosia
19%
Even It Up (#33), Tell It Like It Is (#8)Heart
18.4%
Don't Fall in Love with a Dreamer (#4), More Love (#10)Kim Carnes
18.1%
Smoky Mountain Rain (#24)Ronnie Milsap
17.7%
In America (#11), The Legend of Wooley Swamp (#31)Charlie Daniels Band
17.5%
Games People Play (#16)Alan Parsons Project
17.2%
Cupid/I've Loved You for a Long Time Medley (#4)The Spinners
16.4%
Touch and Go (#37)The Cars
15.9%
Answering Machine (#32), Him (#6)Rupert Holmes
15.3%
Jesse (#11)Carly Simon
14.4%
Let's Get Serious (#9), You're Supposed to Keep Your Love for Me (#34)Jermaine Jackson
14.2%
Gimme Some Lovin' (#18), Who's Making Love (#39)The Blues Brothers
13.3%
Into the Night (#11)Benny Mardones
13.2%
A Little in Love (#17), Carrie (#34), Dreaming (#10), Suddenly (#20)Cliff Richard
13.1%
Stomp! (#7)The Brothers Johnson
12.9%
Shining Star (#5)The Manhattans
12.7%
Lookin' for Love (#5)Johnny Lee
11.7%
One Fine Day (#12)Carole King
11.7%
I Thank You (#34)ZZ Top
11.5%
Tulsa Time (#30)Eric Clapton
11.3%
Tired of Toein' the Line (#8)Rocky Burnette
10.9%
All Night Long (#19)Joe Walsh
10.7%
Song(s) (Peak(s)) Artist % Correct
The Empire Strikes Back (#18)Meco
10.5%
Never Knew Love Like This Before (#6)Stephanie Mills
10.1%
One Step Closer (#24), Real Love (#5)The Doobie Brothers
9.7%
Take Your Time (Do It Right) (#3)The S.O.S. Band
9.5%
I'm Almost Ready (#34), Let Me Love You Tonight (#10)Pure Prairie League
9.2%
Giving It Up for Your Love (#8)Delbert McClinton
7.7%
Pilot of the Airwaves (#13)Charlie Dore
7.5%
Stand by Me (#22)Mickey Gilley
7.5%
Special Lady (#5)Ray, Goodman, & Brown
7.3%
Wondering Where the Lions Are (#21)Bruce Cockburn
7.1%
One in a Million You (#9)Larry Graham
6.6%
Desire (#4), I Can't Help It (#12), Time Is Time (#15)Andy Gibb
6.5%
And the Beat Goes On (#19), Lady (#28)The Whispers
6.4%
Everybody's Gotta Learn Sometime (#18)The Korgis
6.2%
Clones (We're All) (#40)Alice Cooper
5.9%
Twilight Zone/Twilight Tone (#30)The Manhattan Transfer
5.5%
Think About Me (#20)Fleetwood Mac
5.3%
I Pledge My Love (#19)Peaches & Herb
5.3%
Sequel (#23)Harry Chapin
5.1%
Heartbreak Hotel (#22), Lovely One (#12)The Jacksons
4.9%
Baby Talks Dirty (#38)The Knack
4.9%
Should've Never Let You Go (#19)Neil & Dara Sedaka
4.3%
Make a Little Magic (#25)The Dirt Band
3.9%
Someone That I Used to Love (#21)Natalie Cole
3.3%
Midnight Rocks (#24)Al Stewart
3.1%
No Night So Long (#23)Dionne Warwick
3%
This Time (#27)John Mellencamp
3%
Take a Little Rhythm (#15)Ali Thomson
2.9%
Without Your Love (#20)Roger Daltrey
2.9%
Give It All You Got (#18)Chuck Mangione
2.7%
Together (#18)Tierra
2.6%
Two Places at the Same Time (#30)Ray Parker, Jr. & Raydio
2.5%
Three Times in Love (#19)Tommy James
2.5%
Old-Fashion Love (#20)The Commodores
2.5%
Hold on to My Love (#10)Jimmy Ruffin
2.5%
Killin' Time (#28), Why Not Me (#18)Fred Knoblock
2.4%
Let Me Be the Clock (#31)Smokey Robinson
2.4%
Angel Say No (#38)Tommy Tutone
2.1%
Let Me Go, Love (#35)Nicolette Larson
2.1%
How Do I Survive (#22)Amy Holland
2%
Don't Say Goodnight (It's Time for Love) (#39)The Isley Brothers
1.9%
Years (#35)Wayne Newton
1.7%
Remove Ads.
Support Sporcle.
Get the best of Sporcle when you Go Orange. This ad-free experience offers more features, more stats, and more fun while also helping to support Sporcle. Thank you for becoming a member.

You're not logged in!

Compare scores with friends on all Sporcle quizzes.
OR
Log In

Show Comments

Extras

Top Quizzes Today


Score Distribution

Your Account Isn't Verified!

In order to create a playlist on Sporcle, you need to verify the email address you used during registration. Go to your Sporcle Settings to finish the process.

Report this User

Report this user for behavior that violates our Community Guidelines.

Details: